| 000 | 00469nam a22001817a 4500 | ||
|---|---|---|---|
| 999 |
_c525717 _d525717 |
||
| 003 | NUST | ||
| 005 | 20190704054627.0 | ||
| 038 | _aFaiza | ||
| 082 |
_a954.6 _bPAR |
||
| 100 |
_aParvaz, Iltaf _916657 |
||
| 245 |
_aAzadi Kashmir / _cIltaf Parvaz |
||
| 260 |
_aRawalpindi: _bZamindar book depot, _c1982. |
||
| 300 | _a304p. ; | ||
| 500 | _aHard Cover | ||
| 880 |
_6100-01\r _aالطاف پرواز |
||
| 880 |
_6245-02\r _a /آزادیِّ کشمیر |
||
| 942 |
_2ddc _cBK |
||